Central Library OPAC University of Rajshahi

দুর্যোগ মানচিত্র : (Record no. 37727)

MARC details
000 -LEADER
fixed length control field 01193nem a2200253 a 4500
001 - CONTROL NUMBER
control field 37727
003 - CONTROL NUMBER IDENTIFIER
rucl marc code BD-RjUL
005 - DATE AND TIME OF LATEST TRANSACTION
control field 20211209052636.0
008 - FIXED-LENGTH DATA ELEMENTS--GENERAL INFORMATION
fixed length control field 150329s2014 bg e 1 eng d
034 0# - CODED CARTOGRAPHIC MATHEMATICAL DATA
Category of scale a
035 ## - SYSTEM CONTROL NUMBER
System control number (BD-RjUL)37831
040 ## - CATALOGING SOURCE
Original cataloging agency BD-RjUL
Transcribing agency BD-RjUL
Language of cataloging eng
041 ## - LANGUAGE CODE
Language code of text/sound track or separate title ben
Language code of text/sound track or separate title eng
082 00 - DEWEY DECIMAL CLASSIFICATION NUMBER
Classification number 912.095492
Edition number 23
110 2# - MAIN ENTRY--CORPORATE NAME
Corporate name or jurisdiction name as entry element Ministry of Disaster Management and Relief
Subordinate unit Comprehensive Disaster Management Programme (CDMP II)
9 (RLIN) 116445
245 10 - TITLE STATEMENT
Title দুর্যোগ মানচিত্র :
Remainder of title (দুর্যোগ ও জলবায়ু পরিবর্তনজনিত ঝুকি মানচিত্র ও পরিকল্পনা নির্দেশিকা )
246 3# - VARYING FORM OF TITLE
Title proper/short title ATLAS :
Remainder of title (Disaster and Climate Change Risk Maps and Planning Guide )
260 ## - PUBLICATION, DISTRIBUTION, ETC. (IMPRINT)
Place of publication, distribution, etc. ঢাকা, বাংলাদেশ :
Name of publisher, distributor, etc. কম্প্রিহেনসিভ ডিজাস্টার ম্যানেজমেন্ট প্রোগ্রাম (সিডিএমপি ২),
Date of publication, distribution, etc. ২০১৪.
300 ## - PHYSICAL DESCRIPTION
Pagination v, 45 p. :
Illustrations col. ill., col. maps ;
Size 29 cm.
650 #0 - SUBJECT ADDED ENTRY--TOPICAL TERM
Topical term or geographic name as entry element Atlases.
9 (RLIN) 116433
651 ## - SUBJECT ADDED ENTRY--GEOGRAPHIC NAME
Geographic subdivision Bangladesh
Form subdivision Maps
9 (RLIN) 116444
942 ## - ADDED ENTRY ELEMENTS (KOHA)
Source of classification or shelving scheme Dewey Decimal Classification
Koha item type Books
Holdings
Lost status Source of classification or shelving scheme Damaged status Not for loan Permanent Location Current Location Shelving location Date acquired Source of acquisition Cost, normal purchase price Total Checkouts Full call number Date last seen Copy number Koha item type
  Dewey Decimal Classification   Not For Loan Central Library, University of Rajshahi Central Library, University of Rajshahi   25/03/2015 RUCL 0.00   BR 912.095492 ATL 2014 30/03/2015 C-1 Books